000 00772na a2200241 4500
001 23602
003 MIRAKIL
005 20181213155258.0
008 180110b tu 000 0
040 _aMilas
_btur
_cTR-AnCHP
041 _atur
082 _a818.42
_bD32a 2015
090 _a818.42 D32a 2015
100 _aDede, İzzet
245 _aAllah sonunu hayretsin
_bTarihi öyküler, yaşanmış öyküler ve masallar
_cİzzet Dede
246 _aTarihi öyküler, yaşanmış öyküler ve masallar
260 _a[y.y.]
_b[yayl.y.]
_c2015
300 _a142 s.
_bfotğ.
_c20 sm.
500 _aYapıt yazarından imzalıdır.
650 _aTürk edebiyatı
_xDeğişik yazılar
740 _aTarihi öyküler, yaşanmış öyküler ve masallar
942 _2ddc
_cBKS
999 _c9857
_d9857